|
|
|
|
| LEADER |
00000cam a2200000 7i4500 |
| 001 |
0000003108 |
| 002 |
000003362 |
| 005 |
20000330.0 |
| 020 |
|
|
|a 0415096472
|
| 090 |
0 |
0 |
|a 338.9109595
|b IND
|
| 245 |
0 |
0 |
|a Industrialising Malaysia :
|b policy,performance,prospectes
|c edited by Jomo K.S
|
| 260 |
|
|
|a London :
|b Routledge ,
|c 1993
|
| 300 |
|
|
|a 354p. ;
|c 22cm.
|
| 650 |
0 |
0 |
|a Industrial policy
|z Malaysia
|
| 651 |
|
0 |
|a Malaysia
|x Economic policy
|
| 700 |
0 |
|
|a Jomo Kwame Sundram
|
| 999 |
|
|
|a 00072300
|b BUKU
|c MALAYSIANA
|e PERPUSTAKAAN KOMUNITI PETALING JAYA
|
| 999 |
|
|
|a 034663
|b BUKU
|c MALAYSIANA
|e PERPUSTAKAAN KOMUNITI PETALING JAYA
|
| 999 |
|
|
|a 036671
|b BUKU
|c MALAYSIANA
|e PERPUSTAKAAN KOMUNITI PETALING JAYA
|